[Event "Ruhrgebiet Verbandsliga Gruppe 2 1819"]
[Site "Nordrheinwestfalen"]
[Date "2018.10.07"]
[Round "2.3"]
[White "Merz, Martin"]
[Black "Kartsev, Nikolaj"]
[Result "0-1"]
[WhiteElo "2014"]
[BlackElo "2077"]
[PlyCount "78"]
[EventDate "2018.09.23"]
[EventType "team-tourn"]
[EventRounds "9"]
[EventCountry "GER"]
[SourceTitle "EXT 2022"]
[Source "ChessBase"]
[SourceDate "2021.10.06"]
[SourceVersion "1"]
[SourceVersionDate "2021.10.06"]
[SourceQuality "1"]
[WhiteTeam "Boenen SV"]
[BlackTeam "Brackel SF III"]
[WhiteTeamCountry "GER"]
[BlackTeamCountry "GER"]

1. d4 Nf6 2. Nf3 e6 3. g3 b6 4. Bg2 Bb7 5. 0-0 d6 6. c4 Be7 7. Nc3 0-0 8. Qc2 Nbd7 9. Rd1 c5 10. d5 exd5 11. Nh4 Ne5 12. Nf5 Qd7 13. cxd5 Rfe8 14. Bg5 h6 15. Bc1 Bf8 16. e4 Bc8 17. f4 Ng6 18. a4 a6 19. a5 b5 20. b4 cxb4 21. Na2 b3 22. Qxb3 Nxe4 23. Nd4 Bb7 24. Nb4 Nc5 25. Qc2 Rac8 26. Ndc6 Ne7 27. Na7 Ra8 28. Nac6 Rac8 29. Na7 Rc7 30. Nac6 Bxc6 31. dxc6 Nxc6 32. Nxc6 Rxc6 33. Bxc6 Qxc6 34. Bb2 Qf3 35. Qf2 Qb3 36. Qd4 Re2 37. Rd2 Re4 38. Qc3 Qxc3 39. Bxc3 Nb3 0-1

[Event "Ruhrgebiet Verbandsliga Gruppe 1 1718"]
[Site "Germany"]
[Date "2017.11.05"]
[Round "3.4"]
[White "Merz, Martin"]
[Black "Kelm, Marcel"]
[Result "1-0"]
[WhiteElo "1979"]
[BlackElo "1867"]
[PlyCount "27"]
[EventDate "2017.09.17"]
[EventType "team-tourn"]
[EventRounds "9"]
[EventCountry "GER"]
[SourceTitle "EXT 2022"]
[Source "ChessBase"]
[SourceDate "2021.10.06"]
[SourceVersion "1"]
[SourceVersionDate "2021.10.06"]
[SourceQuality "1"]
[WhiteTeam "Boenen SV"]
[BlackTeam "Muelheim Nord IV"]
[WhiteTeamCountry "GER"]
[BlackTeamCountry "GER"]

1. d4 Nf6 2. Nf3 e6 3. g3 Nc6 4. Bg2 d5 5. 0-0 Bd6 6. c4 b6 7. Nc3 Bb7 8. Bg5 Be7 9. Ne5 Nd7 10. Nxc6 Bxc6 11. Bxe7 Qxe7 12. cxd5 exd5 13. Nxd5 Qd6 14. Nxc7+ 1-0

[Event "Ruhrgebiet Verbandsliga Gruppe 1 1718"]
[Site "Germany"]
[Date "2017.09.17"]
[Round "1.3"]
[White "Neumann, Carsten"]
[Black "Merz, Martin"]
[Result "0-1"]
[WhiteElo "2013"]
[BlackElo "1979"]
[PlyCount "60"]
[EventDate "2017.09.17"]
[EventType "team-tourn"]
[EventRounds "9"]
[EventCountry "GER"]
[SourceTitle "EXT 2022"]
[Source "ChessBase"]
[SourceDate "2021.10.06"]
[SourceVersion "1"]
[SourceVersionDate "2021.10.06"]
[SourceQuality "1"]
[WhiteTeam "Kamen SV II"]
[BlackTeam "Boenen SV"]
[WhiteTeamCountry "GER"]
[BlackTeamCountry "GER"]

1. Nf3 Nf6 2. d4 d5 3. Bg5 e6 4. e3 Be7 5. Bd3 0-0 6. Nbd2 Nbd7 7. Ne5 Nxe5 8. dxe5 Nd7 9. Bf4 Nc5 10. Nf3 b6 11. h4 h6 12. g4 Bb7 13. g5 h5 14. g6 Nxd3+ 15. Qxd3 d4 16. Rh3 dxe3 17. fxe3 Qxd3 18. cxd3 Bxf3 19. Rxf3 Bxh4+ 20. Ke2 fxg6 21. Rg1 Kh7 22. Rh3 g5 23. Rh2 Rf5 24. d4 c5 25. dxc5 bxc5 26. Rc1 Rb8 27. b3 Rb4 28. Rc4 Rxc4 29. bxc4 gxf4 30. Rxh4 fxe3 0-1

[Event "Ruhrgebiet Verbandsklasse Gruppe 2 1617"]
[Site "Germany"]
[Date "2017.02.19"]
[Round "7.4"]
[White "Dorgarten, Armin"]
[Black "Merz, Martin"]
[Result "1/2-1/2"]
[WhiteElo "1916"]
[BlackElo "1978"]
[PlyCount "123"]
[EventDate "2016.09.04"]
[EventType "team-tourn"]
[EventRounds "9"]
[EventCountry "GER"]
[SourceTitle "EXT 2022"]
[Source "ChessBase"]
[SourceDate "2021.10.06"]
[SourceVersion "1"]
[SourceVersionDate "2021.10.06"]
[SourceQuality "1"]
[WhiteTeam "Ruettenscheid Rochade"]
[BlackTeam "Boenen SV"]
[WhiteTeamCountry "GER"]
[BlackTeamCountry "GER"]

1. e4 c5 2. Nc3 d6 3. Bc4 e6 4. f4 Nf6 5. Nf3 Nc6 6. Qe2 a6 7. a4 Qc7 8. d3 Be7 9. 0-0 0-0 10. Be3 Bd7 11. f5 exf5 12. Bg5 fxe4 13. dxe4 Bg4 14. Bxf6 Bxf6 15. Nd5 Qd8 16. c3 Ne5 17. Ne3 Nxf3+ 18. gxf3 Bh3 19. Rfd1 Be5 20. Kh1 g5 21. Rg1 Kh8 22. Bd5 Rb8 23. a5 h6 24. Nc4 Bf4 25. Rad1 Qe7 26. Rde1 Rbe8 27. Qc2 Qc7 28. Qb3 Re7 29. Qc2 Bd7 30. Rd1 Rfe8 31. Nb6 Bc6 32. Qg2 f5 33. Qh3 fxe4 34. fxe4 Kg7 35. Rdf1 Rxe4 36. Qd3 R8e5 37. Rg2 Re1 38. Rgg1 Rxf1 39. Rxf1 Bxd5+ 40. Nxd5 Qf7 41. Nxf4 gxf4 42. Qxd6 Rf5 43. Rf3 Kh7 44. Qd3 Qg6 45. h3 Rf7 46. b3 h5 47. Kh2 Kh6 48. Kh1 Kg5 49. Qd8+ Qf6 50. Qg8+ Qg6 51. h4+ Kh6 52. Qh8+ Qh7 53. Qxh7+ Kxh7 54. Rd3 Kg6 55. Rd5 Rf5 56. Rd6+ Rf6 57. Rd5 c4 58. bxc4 Rc6 59. c5 Re6 60. Rg5+ Kh6 61. Rf5 Re3 62. Rxf4 1/2-1/2

[Event "Ruhrgebiet Verbandsklasse Gruppe 2 1617"]
[Site "Germany"]
[Date "2016.12.18"]
[Round "5.4"]
[White "Merz, Martin"]
[Black "Breidenbach, Rolf"]
[Result "1/2-1/2"]
[WhiteElo "1978"]
[BlackElo "1859"]
[PlyCount "32"]
[EventDate "2016.09.04"]
[EventType "team-tourn"]
[EventRounds "9"]
[EventCountry "GER"]
[SourceTitle "EXT 2022"]
[Source "ChessBase"]
[SourceDate "2021.10.06"]
[SourceVersion "1"]
[SourceVersionDate "2021.10.06"]
[SourceQuality "1"]
[WhiteTeam "Boenen SV"]
[BlackTeam "Waltrop SV"]
[WhiteTeamCountry "GER"]
[BlackTeamCountry "GER"]

1. e4 g6 2. Nf3 Bg7 3. Bc4 c6 4. Nc3 b5 5. Bb3 a5 6. a3 Na6 7. d4 d6 8. 0-0 e6 9. d5 b4 10. axb4 axb4 11. dxe6 Bxe6 12. Bxe6 bxc3 13. Bc4 cxb2 14. Bxb2 Bxb2 15. Rxa6 Rxa6 16. Bxa6 Ne7 1/2-1/2

[Event "NRW Verbandsklasse Group3 1314"]
[Site "Nordrheinwestfalen"]
[Date "2013.11.03"]
[Round "3.1"]
[White "Merz, Martin"]
[Black "Watzlawek, Markus"]
[Result "0-1"]
[WhiteElo "2015"]
[BlackElo "2056"]
[PlyCount "80"]
[EventDate "2013.09.08"]
[EventType "team-tourn"]
[EventRounds "9"]
[EventCountry "GER"]
[SourceTitle "EXT 2020"]
[Source "ChessBase"]
[SourceDate "2019.10.17"]
[SourceVersion "1"]
[SourceVersionDate "2019.10.17"]
[SourceQuality "1"]
[WhiteTeam "Boenen SV"]
[BlackTeam "Eichlinghofen SV"]
[WhiteTeamCountry "GER"]
[BlackTeamCountry "GER"]

1. e4 c5 2. Nf3 d6 3. d4 cxd4 4. Nxd4 Nf6 5. Nc3 a6 6. Bc4 e6 7. 0-0 Be7 8. Bb3 b5 9. Qf3 Qb6 10. Be3 Qb7 11. a3 0-0 12. Rfe1 Nbd7 13. Bg5 Nc5 14. Ba2 Na4 15. Rad1 Nxc3 16. bxc3 Qc7 17. Qg3 Bd7 18. Rd3 Qc5 19. Qh4 h6 20. Bxh6 Qh5 21. Bg5 Qxh4 22. Bxh4 Rac8 23. f4 Rfe8 24. Nf3 Rc7 25. h3 Rec8 26. e5 dxe5 27. fxe5 Bc5+ 28. Kh1 Nd5 29. c4 Nf4 30. Rc3 Bf8 31. Bg3 Nd5 32. Rd3 bxc4 33. Rxd5 exd5 34. e6 fxe6 35. Bxc7 Rxc7 36. Ne5 Be8 37. Nxc4 dxc4 38. Rxe6 Bb5 39. a4 Bxa4 40. Rxa6 Bxc2 0-1

[Event "NRW Verbandsklasse Group3 1314"]
[Site "Nordrheinwestfalen"]
[Date "2013.10.13"]
[Round "2.1"]
[White "Yanik, Mehmet"]
[Black "Merz, Martin"]
[Result "1/2-1/2"]
[WhiteElo "1947"]
[BlackElo "2015"]
[PlyCount "23"]
[EventDate "2013.09.08"]
[EventType "team-tourn"]
[EventRounds "9"]
[EventCountry "GER"]
[SourceTitle "EXT 2020"]
[Source "ChessBase"]
[SourceDate "2019.10.17"]
[SourceVersion "1"]
[SourceVersionDate "2019.10.17"]
[SourceQuality "1"]
[WhiteTeam "Dortmund FS 98 II"]
[BlackTeam "Boenen SV"]
[WhiteTeamCountry "GER"]
[BlackTeamCountry "GER"]

1. e4 c5 2. Nf3 d6 3. d4 cxd4 4. Nxd4 Nf6 5. Nc3 a6 6. Be2 e5 7. Nb3 Be7 8. Be3 Be6 9. 0-0 d5 10. exd5 Nxd5 11. Nxd5 Qxd5 12. Qxd5 1/2-1/2

[Event "Ruhrgebiet VK3 0910"]
[Site "Ruhrgebiet"]
[Date "2010.03.21"]
[Round "8.1"]
[White "Merz, Martin"]
[Black "Breidenbach, Olaf"]
[Result "1/2-1/2"]
[WhiteElo "2022"]
[BlackElo "1978"]
[PlyCount "76"]
[EventDate "2009.09.06"]
[EventType "team"]
[EventRounds "9"]
[EventCountry "GER"]
[SourceTitle "EXT 2011"]
[Source "ChessBase"]
[SourceDate "2010.11.26"]
[SourceVersion "1"]
[SourceVersionDate "2010.11.26"]
[SourceQuality "1"]
[WhiteTeam "Boenen SV"]
[BlackTeam "Marten Boevinghausen"]
[WhiteTeamCountry "GER"]
[BlackTeamCountry "GER"]

1. d4 Nf6 2. c4 e6 3. Nf3 b6 4. g3 Bb7 5. Bg2 Be7 6. 0-0 c5 7. d5 exd5 8. Nh4 0-0 9. cxd5 d6 10. e4 g6 11. Nc3 Nbd7 12. f4 a6 13. a4 Qc7 14. e5 Ne8 15. Nf3 c4 16. Qe2 Ng7 17. Nd4 dxe5 18. fxe5 Nxe5 19. Bf4 f6 20. Kh1 Bd6 21. Bh6 Qd7 22. Bxg7 Kxg7 23. Ne6+ Kg8 24. Nxf8 Rxf8 25. Rad1 Kg7 26. Ne4 Qe7 27. Qe3 Qc7 28. Qd4 Bc8 29. h3 Bd7 30. Ra1 Bf5 31. Nxd6 Qxd6 32. g4 Bd3 33. Rfe1 g5 34. Rac1 Rd8 35. b3 b5 36. axb5 axb5 37. bxc4 Bxc4 38. Rcd1 Ng6 1/2-1/2

[Event "FRA-chT3 Gr01 0607"]
[Site "France"]
[Date "2007.03.18"]
[Round "7.3"]
[White "Biancalana, Marc"]
[Black "Merz, Martin"]
[Result "0-1"]
[WhiteElo "1889"]
[BlackElo "1930"]
[PlyCount "54"]
[EventDate "2006.10.15"]
[EventType "team"]
[EventRounds "9"]
[EventCountry "FRA"]
[SourceTitle "EXT 2008"]
[Source "ChessBase"]
[SourceDate "2007.11.25"]
[SourceVersion "1"]
[SourceVersionDate "2007.11.25"]
[SourceQuality "1"]

1. Nf3 d5 2. d4 c6 3. c4 e6 4. Nc3 dxc4 5. e4 b5 6. a4 Bb4 7. axb5 cxb5 8. Bd2 Qb6 9. e5 Bb7 10. Be2 a5 11. Qc2 Bxc3 12. bxc3 Ne7 13. Rb1 Qc6 14. Bc1 Na6 15. Ba3 Nd5 16. Qc1 h6 17. Bd6 f5 18. Nh4 g5 19. Bh5+ Kd7 20. Ng6 Rhg8 21. h4 Rxg6 22. Bxg6 Nf4 23. hxg5 Qe4+ 24. Kf1 Qxg2+ 25. Ke1 Nd3+ 26. Ke2 Qxf2+ 27. Kd1 Bf3# 0-1

[Event "FRA-chT3 Gr01 0607"]
[Site "France"]
[Date "2006.11.26"]
[Round "3.5"]
[White "Parodi, Philippe"]
[Black "Merz, Martin"]
[Result "0-1"]
[WhiteElo "1945"]
[BlackElo "1999"]
[PlyCount "82"]
[EventDate "2006.10.15"]
[EventType "team"]
[EventRounds "9"]
[EventCountry "FRA"]
[SourceTitle "EXT 2008"]
[Source "ChessBase"]
[SourceDate "2007.11.25"]
[SourceVersion "1"]
[SourceVersionDate "2007.11.25"]
[SourceQuality "1"]

1. e4 c5 2. Nf3 Nc6 3. Bb5 g6 4. 0-0 Bg7 5. c3 e5 6. d3 Nge7 7. Bg5 Qb6 8. Na3 a6 9. Bxc6 Nxc6 10. Nc4 Qc7 11. Ne3 f6 12. Bh4 0-0 13. a4 d6 14. Qb3+ Qf7 15. Qxf7+ Rxf7 16. Nc4 Bf8 17. Nfd2 g5 18. Bg3 Be6 19. h3 Rd8 20. Rfd1 f5 21. f3 h5 22. Bf2 Be7 23. Rab1 g4 24. Kh2 f4 25. Be1 Rg7 26. b4 cxb4 27. cxb4 Nd4 28. Rdc1 Kh8 29. fxg4 hxg4 30. Nb3 gxh3 31. Nxd4 Rxg2+ 32. Kh1 exd4 33. b5 f3 34. Ba5 Rdg8 35. Bb6 Bf6 36. Rf1 f2 37. Nd2 R8g3 38. bxa6 bxa6 39. e5 Bxe5 40. Nc4 Rh2+ 41. Kxh2 Rg2+ 0-1

[Event "Passau op 7th"]
[Site "Passau"]
[Date "1999.04.03"]
[Round "4"]
[White "Merz, Martin"]
[Black "Dunsbach, Ralf"]
[Result "0-1"]
[WhiteElo "2070"]
[BlackElo "2225"]
[PlyCount "32"]
[EventDate "1999.04.02"]
[EventType "swiss"]
[EventRounds "7"]
[EventCountry "GER"]
[SourceTitle "EXT 2000"]
[Source "ChessBase"]
[SourceDate "1999.11.16"]
[SourceVersion "1"]
[SourceVersionDate "1999.11.16"]
[SourceQuality "1"]

1. d4 Nf6 2. Nf3 g6 3. g3 Bg7 4. Bg2 0-0 5. 0-0 d6 6. c4 Nc6 7. Nc3 a6 8. h3 Rb8 9. a3 b5 10. cxb5 axb5 11. b4 e5 12. e3 exd4 13. exd4 Ne7 14. Bb2 c6 15. Re1 Ned5 16. Ng5 Nxc3 0-1

[Event "Passau op 6th"]
[Site "Passau"]
[Date "1998.04.12"]
[Round "5"]
[White "Westhoven, Joerg"]
[Black "Merz, Martin"]
[Result "0-1"]
[WhiteElo "1500"]
[BlackElo "2036"]
[PlyCount "30"]
[EventDate "1998.04.10"]
[EventType "swiss"]
[EventRounds "7"]
[EventCountry "GER"]
[SourceTitle "EXT 1999"]
[Source "ChessBase"]
[SourceDate "1998.11.16"]
[SourceVersion "1"]
[SourceVersionDate "1998.11.16"]
[SourceQuality "1"]

1. d4 Nf6 2. c4 g6 3. Nc3 Bg7 4. e4 0-0 5. Nf3 d6 6. Be3 e5 7. d5 a5 8. Be2 Na6 9. 0-0 Bd7 10. a4 h6 11. h3 Kh8 12. Rc1 b6 13. Qd2 Ng8 14. Nh2 Nc5 15. f4 Nb3 0-1